[Event "Challenge"]
[Site "http://www.queenalice.com/game.php?id=1871854"]
[Date "2026.4.12"]
[Round "-"]
[White "Leanne"]
[Black "peonaislado"]
[Result "0-1"]
[WhiteElo "1287"]
[BlackElo "1755"]

1. e4 e5 2. f4 exf4 3. d3 g5 4. Be2 d5 5. Nc3 d4 6. Nd5 c6 7. Nxf4 gxf4 8. Bxf4
f5 9. Nf3 fxe4 10. dxe4 c5 11. O-O Nc6 12. Be5 Nf6 13. Qd3 Bd6 14. Bxf6 Qxf6 15.
e5 Bxe5 16. Nxe5 Nxe5 17. Qe4 Qe7 18. Bh5+ Ng6 19. Qf3 Be6 20. Qf6 O-O-O 21.
Rae1 Qxf6 22. Rxf6 Bxa2 23. Ra1 Rdf8 24. Rxf8+ Rxf8 25. Rxa2 a6 26. Ra5 b5 27.
Rxa6 Kb7 28. Ra3 b4 29. Rg3 Rf6 30. c3 Nf4 31. Bf3+ Kb6 32. cxb4 cxb4 33. b3 d3
34. h4 Ne2+ 35. Bxe2 dxe2 36. Re3 Rf1+ 37. Kh2 e1=Q 38. Rxe1 Rxe1 0-1

[Event "Challenge"]
[Site "http://www.queenalice.com/game.php?id=1871855"]
[Date "2026.4.12"]
[Round "-"]
[White "Leanne"]
[Black "Capixaba789"]
[Result "0-1"]
[WhiteElo "1277"]
[BlackElo "1836"]

1. e4 e5 2. Nf3 d6 3. Be2 f5 4. d3 Nf6 5. O-O Be7 6. Bg5 O-O 7. Nc3 fxe4 8. dxe4
c5 9. Bxf6 Bxf6 10. Bc4+ Kh8 11. Nd5 Nc6 12. Nxf6 Qxf6 13. Be2 Bg4 14. Qd3 Bxf3
15. Bxf3 Nd4 16. g3 a6 17. Bg4 b5 18. f4 exf4 19. Rxf4 Qe5 20. Raf1 Rxf4 21.
Rxf4 h6 22. c3 Nc6 23. Qf3 Ne7 24. Rf8+ Rxf8 25. Qxf8+ Kh7 26. Bf5+ Nxf5 27.
exf5 Qe1+ 28. Kg2 Qe2+ 29. Kh3 Qh5+ 0-1

[Event "Challenge"]
[Site "http://www.queenalice.com/game.php?id=1871856"]
[Date "2026.4.12"]
[Round "-"]
[White "Capixaba789"]
[Black "Leanne"]
[Result "1-0"]
[WhiteElo "1838"]
[BlackElo "1275"]

1. d4 d5 2. Nc3 e6 3. f4 Nc6 4. Nf3 Bb4 5. Bd2 Bxc3 6. Bxc3 Nf6 7. e3 O-O 8. Bd3
g6 9. O-O e5 10. fxe5 Bg4 11. Qe1 Bxf3 12. Rxf3 Nd7 13. Qe2 f6 14. Raf1 fxe5 15.
dxe5 Ncxe5 16. Rxf8+ Nxf8 17. Kh1 Qe7 18. Qf2 Nfd7 19. Qg3 Rf8 20. Rxf8+ Qxf8
21. h3 c5 22. a3 b6 23. b4 d4 24. exd4 c4 25. dxe5 cxd3 26. cxd3 Qc8 27. Bd4 a5
28. bxa5 b5 29. e6 Nc5 30. Qe5 Qxe6 31. Qg7# 1-0

[Event "Challenge"]
[Site "http://www.queenalice.com/game.php?id=1872026"]
[Date "2026.4.16"]
[Round "-"]
[White "Leanne"]
[Black "renet54"]
[Result "0-1"]
[WhiteElo "1306"]
[BlackElo "1567"]

1. c4 c5 2. Nc3 Nf6 3. Nf3 d6 4. e4 e5 5. Be2 Be7 6. O-O O-O 7. Nd5 Nxe4 8.
Nxe7+ Qxe7 9. d3 Nf6 10. Bg5 Nbd7 11. Bxf6 Nxf6 12. g3 Bh3 13. Re1 Rad8 14. Ng5
Qd7 15. Nxh3 Qxh3 16. Bf1 Qh6 17. Qf3 Rfe8 18. Re3 Re6 19. Rae1 Rde8 20. d4 cxd4
21. R3e2 Qg6 22. Bh3 e4 23. Qb3 R6e7 24. f4 d3 25. Re3 Ng4 26. Bxg4 Qxg4 27. Rf1
h5 28. f5 h4 29. f6 gxf6 30. Rxf6 hxg3 31. Rxg3 Qxg3+ 32. hxg3 d2 33. Qd1 e3 34.
Rxd6 e2 35. Qxd2 e1=Q+ 36. Kg2 Re2+ 37. Qxe2 Rxe2+ 38. Kf3 Qf2+ 39. Kg4 Re4+ 0-1

[Event "Challenge"]
[Site "http://www.queenalice.com/game.php?id=1872027"]
[Date "2026.4.16"]
[Round "-"]
[White "renet54"]
[Black "Leanne"]
[Result "1-0"]
[WhiteElo "1548"]
[BlackElo "1313"]

1. d4 d5 2. Nf3 e6 3. Bf4 Bb4+ 4. c3 Be7 5. e3 c5 6. Bd3 Nf6 7. O-O O-O 8. Nbd2
c4 9. Bc2 Ne4 10. Ne5 Bf6 11. Ndf3 Bg5 12. Bxe4 Bxf4 13. exf4 dxe4 14. Ng5 h6
15. Nxe4 f6 16. Nxc4 Qd5 17. Qd3 b5 18. Ne3 Qc6 19. Rfd1 e5 20. fxe5 fxe5 21.
dxe5 Qg6 22. Qd5+ Be6 23. Qxa8 Nd7 24. Qxa7 Qxe4 25. Re1 Qxe5 26. Re2 Bc4 27.
Rd2 Nf6 28. g3 Ne4 29. Nxc4 bxc4 30. Rd7 Qf6 31. Rf1 Nxg3 32. hxg3 1-0

[Event "Challenge"]
[Site "http://www.queenalice.com/game.php?id=1873006"]
[Date "2026.5.7"]
[Round "-"]
[White "Leanne"]
[Black "renet54"]
[Result "1-0"]
[WhiteElo "1267"]
[BlackElo "1554"]

1. Nf3 d5 2. e3 Nf6 3. Nc3 e6 4. Be2 Bd6 5. O-O O-O 6. Nb5 Nc6 7. d4 Ne7 8. g3
Nf5 9. c4 Bxg3 10. fxg3 Bd7 11. cxd5 Nxd5 12. e4 Nde3 13. Bxe3 Nxe3 14. Qd3 Nxf1
15. Bxf1 a6 16. Nc3 Re8 17. Ne5 f6 18. Ng4 e5 19. dxe5 fxe5 20. Nf2 Rf8 21. Bh3
Bxh3 22. Qc4+ Kh8 23. Nxh3 Qd2 24. b3 Qf2+ 25. Nxf2 Rf3 26. Ng4 Raf8 27. Nxe5
Rf2 28. Qxc7 1-0

[Event "Challenge"]
[Site "http://www.queenalice.com/game.php?id=1873007"]
[Date "2026.5.7"]
[Round "-"]
[White "renet54"]
[Black "Leanne"]
[Result "1-0"]
[WhiteElo "1549"]
[BlackElo "1272"]

1. d4 e6 2. Bf4 d5 3. Nf3 Be7 4. e3 Nf6 5. Nc3 c5 6. Bb5+ Bd7 7. O-O cxd4 8.
Qxd4 O-O 9. Bxd7 Nbxd7 10. Ne5 Bc5 11. Qd3 Bd6 12. Rad1 Bxe5 13. Bxe5 Nxe5 14.
Qd4 Nc6 15. Qh4 g6 16. Rd3 Ne4 17. Qh6 Kh8 18. Nxe4 Ne5 19. Ng5 1-0

[Event "Challenge"]
[Site "http://www.queenalice.com/game.php?id=1873497"]
[Date "2026.5.18"]
[Round "-"]
[White "Leanne"]
[Black "game"]
[Result "0-1"]
[WhiteElo "1372"]
[BlackElo "1553"]

1. c4 c6 2. Nc3 d5 3. cxd5 cxd5 4. d4 Nf6 5. e3 Bf5 6. Bb5+ Nc6 7. Bxc6+ bxc6 8.
Nf3 e6 9. O-O Qd6 10. g3 h5 11. e4 dxe4 12. Ng5 Bg4 13. Qd2 Be7 14. Ncxe4 Qd5
15. f3 Bf5 16. Nc3 Qa5 17. g4 hxg4 18. Qf4 Nh5 19. Qe5 Qxe5 20. dxe5 Bd3 21. Re1
gxf3 22. Nxf3 g5 23. Bxg5 Nf4 24. Bxf4 Bc5+ 25. Kh1 Ke7 26. Bg5+ Kd7 27. Rad1
Bf2 28. Rxd3+ Kc7 29. Red1 Rh3 30. Ng1 Rh5 31. Rd7+ Kb6 32. Rxf7 Bg3 33. Nf3
Rah8 34. Kg2 Bxe5 35. Bf6 Rg8+ 36. Kh1 Bc7 37. Ng5 Bxh2 38. Bd4+ c5 39. Na4+ Kb5
40. Rxa7 Bb8+ 41. Kg1 Rhxg5+ 42. Kf1 Bxa7 43. Bxc5 Bxc5 44. Nxc5 Kxc5 45. a4 Kb4
46. b3 e5 47. Rd5 Rf8+ 48. Ke2 Re8 49. Rb5+ Ka3 50. a5 Rg2+ 51. Kd3 Rd8+ 52. Ke4
Ra8 53. Kxe5 Rg5+ 54. Kd4 Rxb5 55. Kc4 Rxb3 56. a6 Rxa6 57. Kd5 Kb4 58. Ke4 Kc4
59. Kf5 Kd4 60. Kg5 Ke4 0-1

[Event "Challenge"]
[Site "http://www.queenalice.com/game.php?id=1873498"]
[Date "2026.5.18"]
[Round "-"]
[White "game"]
[Black "Leanne"]
[Result "0-1"]
[WhiteElo "1613"]
[BlackElo "1322"]

1. e4 e6 2. Nf3 Nc6 3. Bc4 d5 4. exd5 exd5 5. Bb3 Nf6 6. Ng5 Bg4 7. Nf3 Qd7 8.
Ba4 O-O-O 9. Bb5 Ne4 10. Be2 Bxf3 11. Bxf3 Nf6 12. O-O Bd6 13. d3 Qf5 14. h3 h5
15. g4 hxg4 16. hxg4 Qe5 17. Re1 Qd4 18. Nd2 Bc5 19. Nb3 Qxf2# 0-1

[Event "Challenge"]
[Site "http://www.queenalice.com/game.php?id=1873849"]
[Date "2026.5.22"]
[Round "-"]
[White "Leanne"]
[Black "Capixaba789"]
[Result "0-1"]
[WhiteElo "1432"]
[BlackElo "1757"]

1. e4 e5 2. Nf3 d5 3. Nxe5 dxe4 4. d3 Qe7 5. d4 Nf6 6. Bg5 Nc6 7. Be2 Bd7 8. O-O
O-O-O 9. Nxd7 Qxd7 10. Nc3 Be7 11. d5 Ne5 12. Bb5 Qd6 13. Bxf6 gxf6 14. Nxe4
Qxd5 15. Qe2 h5 16. Ng3 c6 17. Nf5 Bc5 18. Rad1 Qe6 19. Ng7 Qg4 20. Bxc6 bxc6
21. Qa6+ Kc7 22. Qa5+ Bb6 23. Qc3 Rxd1 24. Re1 Rxe1+ 25. Qxe1 Qc4 26. Kh1 Qxc2
27. f4 Ng4 28. h3 Nf2+ 29. Kh2 Ne4 30. Qh4 f5 31. Nxf5 Qxb2 32. Ng3 Nxg3 33.
Qxg3 f5 34. Qg5 Qxa2 35. Qg7+ Kd6 36. Qxh8 Kc5 37. Qxh5 a5 38. Qxf5+ Kb4 39.
Qe4+ Kc5 40. Qf3 Kb5 41. f5 c5 42. Qf1+ c4 43. f6 Kb4 44. f7 c3 45. f8=Q+ Bc5
46. Qb8+ Ka3 47. Qfb5 Bb4 0-1

[Event "Challenge"]
[Site "http://www.queenalice.com/game.php?id=1873850"]
[Date "2026.5.22"]
[Round "-"]
[White "Capixaba789"]
[Black "Leanne"]
[Result "0-1"]
[WhiteElo "1787"]
[BlackElo "1383"]

1. e4 c5 2. d4 cxd4 3. Nf3 Nc6 4. Bd3 e5 5. O-O Nf6 6. b3 d5 7. Bb5 Bd7 8. Bb2
Nxe4 9. Bxc6 Bxc6 10. Nbd2 Bd6 11. Re1 O-O 12. a4 Bb4 13. Nxe5 Bxd2 14. Re2 Bf4
15. Bxd4 Qg5 16. Qd3 Bxe5 17. Bxe5 Qxe5 18. Rae1 Rae8 19. h3 Qf6 20. a5 Nxf2 21.
Qg3 Bb5 22. Rxe8 Rxe8 23. Rxe8+ Bxe8 24. Qb8 Nxh3+ 25. gxh3 Qe6 26. Qxa7 g6 27.
b4 Qxh3 28. Qxb7 d4 29. Qc7 d3 30. cxd3 Qxd3 31. Qc1 Qd4+ 32. Kg2 Qxb4 33. a6
Qa4 34. Kg3 Qxa6 35. Qe3 Qf6 36. Qf4 Qe6 37. Qb8 f6 38. Qd8 Qe5+ 39. Kg4 h5+ 40.
Kf3 Kh7 41. Qc8 Qf5+ 0-1

[Event "Challenge"]
[Site "http://www.queenalice.com/game.php?id=1874184"]
[Date "2026.5.31"]
[Round "-"]
[White "renet54"]
[Black "Leanne"]
[Result "1/2-1/2"]
[WhiteElo "1513"]
[BlackElo "1427"]

1. d4 f5 2. Nf3 Nf6 3. e3 e6 4. c4 d5 5. cxd5 exd5 6. Nc3 Be7 7. Bd3 O-O 8. O-O
c5 9. dxc5 Bxc5 10. Qb3 Kh8 11. Bd2 1/2-1/2